1384 1567 1312 1072 1669 1666 1124 1362 1408 1308 1843 1808 1231 1634 1310 1359 1387 1524 1939 1470 1019 1693 1308 1927 1579 1075 1048 1259 1590 1941 1885 1594 1225 1972 1714 1771 1578 1878 1519 1602 1038 1518 1560 1366 1670 1049 1607 1828 1761 1995 1241 1208 1228 1705 1891 1845 1985 1015 1139 1694 1688 1365 1387 1126 1992 1623 1886 1051 1918 1862 1062 1737 1068 1591 1133 1018 1028 1116 1576 1564 1363 1800 1018 1363 1607 1745 1931 1716 1233 1207 1592 1187 1609 1037 1545 1753 1788 1157 1403 BCNSPRNW ULIB Ver.6.0+V

เปลี่ยนเป็นภาษาไทย

Change to English
 แสดงรายละเอียดบรรณานุกรม
  กลับหน้าหลัก

Brief Record : Get Marc (ISO 2709) : E-mail record : QR code < ปิดหน้าต่าง
LEADER : 00000nam 2200000uu 4500
001    13399114302
003     ULIB
008    120321s2553||||th 000 0 tha d
020    ^a9786160601356
090    ^aนว.^bร155ค 2553
100 0  ^aรวมนักเขียน
245 00 ^aความรู้สึกดีที่เรียกว่ารัก : รวมนักเขียน/^cรวมนักเขียน
250    ^aพิมพ์ครั้งที่ 2
260    ^aกรุงเทพฯ :^bแจ่มใส,^c2553
300    ^a278 หน้า
710 1  ^aแจ่มใส
945    ^p169^l0^i17085
995    ^aกัณชพร
999    ^aใช้งานได้ทุกระบบ
รายการนี้ยังไม่มีแท็ก
คุณยังไม่ได้ล็อกอิน คุณสามารถมีกิจกรรมร่วมกับเว็บไซต์ได้ แต่ต้องล็อกอินก่อน ::
  ล็อกอิน

รายการสื่อสารสนเทศ

ลำดับที่ ประเภท เลขเรียก/บาร์โค้ด สถานที่ สถานะ
1. นวนิยาย
นวนิยาย
นว. ร155ค 2553  
  Barcode: 17085
ห้องสมุดวิทยาเขตสวรรค์ประชารักษ์
►นวนิยาย
บนชั้น
  ขอยืม

รายการใกล้เคียง
    ผู้แต่ง [รวมนักเขียน]

BibComment


ยังไม่เคยถูกคอมเมนท์

คอมเมนท์ทรัพยากรรายการนี้
  คอมเมนท์: ความรู้สึกดีที่เ..


 Copyright 2026. Bcnsprnw @Library